[Event "Belgrade Trophy 28th"]
[Site "Belgrade"]
[Date "2014.11.24"]
[Round "1"]
[White "Jovanovic, Dusan D"]
[Black "Nikolic, Marko"]
[Result "1-0"]
[WhiteElo "2413"]
[BlackElo "2015"]
[PlyCount "55"]
[EventDate "2014.11.24"]
[EventType "swiss"]
[EventRounds "9"]
[EventCountry "SRB"]
[SourceTitle "CBM 163 Extra"]
[Source "ChessBase"]
[SourceDate "2014.12.23"]
[SourceVersion "1"]
[SourceVersionDate "2014.12.23"]
[SourceQuality "1"]

1. Nf3 Nf6 2. c4 c5 3. Nc3 Nc6 4. g3 g6 5. Bg2 d5 6. cxd5 Nxd5 7. h4 h5 8. Ng5 Nc7 9. Qa4 Bd7 10. Qc4 e6 11. 0-0 Qe7 12. d3 Bg7 13. Be3 b6 14. b4 Ne5 15. Qb3 Rc8 16. bxc5 bxc5 17. Nge4 Na6 18. Qa3 Nb4 19. Bxc5 Rxc5 20. Qxb4 Rc6 21. Qb8+ Bc8 22. Nf6+ Bxf6 23. Bxc6+ Kd8 24. Bg2 g5 25. Rac1 Nd7 26. Qxa7 gxh4 27. Nb5 Be5 28. Qa5+ 1-0

[Event "Belgrade Trophy 23rd"]
[Site "Obrenovac"]
[Date "2010.11.26"]
[Round "3"]
[White "Nikolic, Marko"]
[Black "Stanojevic, Branko"]
[Result "0-1"]
[WhiteElo "2038"]
[BlackElo "2278"]
[PlyCount "90"]
[EventDate "2010.11.24"]
[EventType "swiss"]
[EventRounds "9"]
[EventCountry "YUG"]
[SourceTitle "CBM 139 Extra"]
[Source "ChessBase"]
[SourceDate "2011.01.05"]
[SourceVersion "1"]
[SourceVersionDate "2011.01.05"]
[SourceQuality "1"]

1. e4 e6 2. d4 d5 3. Nc3 Bb4 4. e5 c5 5. a3 Bxc3+ 6. bxc3 Qc7 7. Bd2 b6 8. Qg4 f5 9. Bb5+ Kf7 10. Qf3 c4 11. g4 Ne7 12. Nh3 a6 13. Ng5+ Kf8 14. gxf5 Nxf5 15. Ba4 b5 16. Bb3 cxb3 17. cxb3 Nc6 18. Rg1 Qe7 19. Bc1 Bd7 20. Nh3 Ke8 21. Nf4 g6 22. Nd3 Rf8 23. Qe2 Qh4 24. Bf4 Rc8 25. Rc1 Na5 26. Rg4 Qe7 27. b4 Nc4 28. Nc5 a5 29. Bg5 Qg7 30. Ra1 a4 31. Qd3 Ne7 32. Qh3 Ng8 33. Ra2 Rf5 34. Qg3 Qf7 35. Ke2 Rc7 36. h4 h5 37. Rf4 Bc8 38. Ra1 Rxf4 39. Bxf4 Qf5 40. Rg1 Rg7 41. Bg5 Qc2+ 42. Kf1 Rf7 43. Kg2 Qe2 44. Nd3 Qe4+ 45. Kh2 Rf3 0-1

[Event "Belgrade Trophy 23rd"]
[Site "Obrenovac"]
[Date "2010.11.25"]
[Round "2"]
[White "Masovic, Bogosav"]
[Black "Nikolic, Marko"]
[Result "0-1"]
[WhiteElo "1794"]
[BlackElo "2038"]
[PlyCount "48"]
[EventDate "2010.11.24"]
[EventType "swiss"]
[EventRounds "9"]
[EventCountry "YUG"]
[SourceTitle "CBM 139 Extra"]
[Source "ChessBase"]
[SourceDate "2011.01.05"]
[SourceVersion "1"]
[SourceVersionDate "2011.01.05"]
[SourceQuality "1"]

1. d4 Nf6 2. c4 e6 3. Bg5 c5 4. d5 exd5 5. cxd5 d6 6. Nc3 h6 7. Bh4 Be7 8. e4 a6 9. Bg3 Nbd7 10. a4 0-0 11. Nf3 Nh5 12. Be2 Re8 13. 0-0 Nxg3 14. fxg3 Bf6 15. Qc2 Rb8 16. a5 b5 17. axb6 Qxb6 18. Rfb1 Nf8 19. h4 Ng6 20. Kh1 Ne5 21. Nh2 c4 22. Ra3 Qf2 23. Nf1 Bh3 24. Bd3 Bxg2+ 0-1

[Event "Belgrade Trophy 21st"]
[Site "Obrenovac"]
[Date "2008.12.03"]
[Round "7"]
[White "Nenezic, Zoran"]
[Black "Nikolic, Marko"]
[Result "0-1"]
[WhiteElo "1892"]
[BlackElo "2063"]
[PlyCount "54"]
[EventDate "2008.11.27"]
[EventType "swiss"]
[EventRounds "9"]
[EventCountry "YUG"]
[SourceTitle "CBM 127 Extra"]
[Source "ChessBase"]
[SourceDate "2009.01.08"]
[SourceVersion "2"]
[SourceVersionDate "2009.01.28"]
[SourceQuality "1"]

1. c4 c6 2. e4 d6 3. Nc3 g6 4. d4 Bg7 5. Be3 c5 6. Qd2 cxd4 7. Bxd4 Bxd4 8. Qxd4 Nf6 9. f3 0-0 10. 0-0-0 Qa5 11. g4 Nc6 12. Qd2 Be6 13. g5 Nd7 14. f4 Nc5 15. Nf3 Nb4 16. Kb1 Nxe4 17. Qd4 Nxc3+ 18. Qxc3 Bf5+ 19. Bd3 Bxd3+ 20. Rxd3 Qxa2+ 21. Kc1 Nxd3+ 22. Qxd3 Rac8 23. Nd2 b5 24. b3 bxc4 25. bxc4 d5 26. Kd1 dxc4 27. Qc3 Rfd8 0-1

[Event "Belgrade Trophy 20th"]
[Site "Belgrade"]
[Date "2007.11.28"]
[Round "7"]
[White "Kolbert, Engelbert"]
[Black "Nikolic, Marko"]
[Result "1-0"]
[WhiteElo "2217"]
[BlackElo "2037"]
[PlyCount "33"]
[EventDate "2007.11.22"]
[EventType "swiss"]
[EventRounds "9"]
[EventCountry "YUG"]
[SourceTitle "CBM 121 Extra"]
[Source "ChessBase"]
[SourceDate "2008.01.10"]
[SourceVersion "1"]
[SourceVersionDate "2008.01.10"]
[SourceQuality "1"]

1. e4 c5 2. Nf3 d6 3. d4 cxd4 4. Nxd4 Nf6 5. Nc3 a6 6. Bc4 e6 7. Bb3 Be7 8. f4 Qc7 9. f5 exf5 10. 0-0 Qc5 11. Be3 Ng4 12. Bxf7+ Kxf7 13. Qxg4 Bf6 14. Qd1 Nc6 15. Nxf5 Qe5 16. Nxd6+ Kg6 17. Rf5 1-0

[Event "Belgrade Trophy 20th"]
[Site "Belgrade"]
[Date "2007.11.27"]
[Round "6"]
[White "Nikolic, Marko"]
[Black "Savic, Dragan"]
[Result "0-1"]
[WhiteElo "2037"]
[BlackElo "2229"]
[PlyCount "83"]
[EventDate "2007.11.22"]
[EventType "swiss"]
[EventRounds "9"]
[EventCountry "YUG"]
[SourceTitle "CBM 121 Extra"]
[Source "ChessBase"]
[SourceDate "2008.01.10"]
[SourceVersion "1"]
[SourceVersionDate "2008.01.10"]
[SourceQuality "1"]

1. e4 e6 2. d4 d5 3. Nc3 Bb4 4. e5 c5 5. a3 Bxc3+ 6. bxc3 Ne7 7. Qg4 Qc7 8. Qxg7 Rg8 9. Qxh7 cxd4 10. Ne2 Nbc6 11. f4 Bd7 12. Qd3 dxc3 13. Rg1 Rc8 14. g4 Na5 15. h4 a6 16. h5 Bb5 17. Qf3 Qc5 18. Be3 Qc7 19. h6 Nc4 20. Bc1 Nd2 21. Qe3 Nxf1 22. Kxf1 Qc4 23. Kf2 Nc6 24. Rg3 Kd7 25. Rb1 Qa4 26. Nxc3 Qxc2+ 27. Qd2 Qg6 28. a4 Bc4 29. Rxb7+ Rc7 30. Rxc7+ Kxc7 31. g5 Qh5 32. Kg1 Rb8 33. Qc2 Ne7 34. Ba3 Nf5 35. Rg2 Rb3 36. Bc1 Nd4 37. Qd1 Nf3+ 38. Kf2 Rxc3 39. Be3 d4 40. Bxd4 Qh4+ 41. Rg3 Nxd4 42. Qxd4 0-1

[Event "Belgrade Trophy 20th"]
[Site "Belgrade"]
[Date "2007.11.25"]
[Round "4"]
[White "Gluscevic, Marko"]
[Black "Nikolic, Marko"]
[Result "0-1"]
[WhiteElo "1775"]
[BlackElo "2037"]
[PlyCount "68"]
[EventDate "2007.11.22"]
[EventType "swiss"]
[EventRounds "9"]
[EventCountry "YUG"]
[SourceTitle "CBM 121 Extra"]
[Source "ChessBase"]
[SourceDate "2008.01.10"]
[SourceVersion "1"]
[SourceVersionDate "2008.01.10"]
[SourceQuality "1"]

1. e4 c5 2. Nc3 d6 3. g3 Nc6 4. Bg2 Nf6 5. Nge2 e6 6. d4 cxd4 7. Nxd4 Bd7 8. Ndb5 Qb8 9. Bg5 a6 10. Nd4 Be7 11. Qd2 Ne5 12. Qe2 Qc7 13. 0-0 0-0 14. Rfd1 Rac8 15. Nf3 Nc4 16. Rab1 b5 17. Qe1 Nxb2 18. Rxb2 Qxc3 19. Qxc3 Rxc3 20. e5 Nd5 21. Bxe7 Nxe7 22. exd6 Nc6 23. Rd2 f6 24. Rb3 Rc5 25. Ne1 Na5 26. Rbd3 Nc4 27. Re2 Rd8 28. f4 Bc8 29. d7 Rxd7 30. Rxe6 Rxd3 31. Nxd3 Rc7 32. Re2 Kf8 33. Bd5 Bg4 34. Re1 Nb6 0-1

[Event "Belgrade Spring op"]
[Site "Belgrade"]
[Date "2007.03.29"]
[Round "4"]
[White "Nikolic, Marko"]
[Black "Zivkovic, Velibor"]
[Result "0-1"]
[WhiteElo "2043"]
[BlackElo "1983"]
[PlyCount "82"]
[EventDate "2007.03.26"]
[EventType "swiss"]
[EventRounds "9"]
[EventCountry "YUG"]
[SourceTitle "CBM 117 Extra"]
[Source "ChessBase"]
[SourceDate "2007.05.09"]
[SourceVersion "1"]
[SourceVersionDate "2007.05.09"]
[SourceQuality "1"]

1. e4 c5 2. Nf3 Nc6 3. d4 cxd4 4. Nxd4 Qc7 5. Nc3 e6 6. a3 a6 7. Be3 Nf6 8. Be2 Bd6 9. h3 Bf4 10. Qd2 Bxe3 11. Qxe3 0-0 12. 0-0 d6 13. Rad1 b5 14. Qg3 Bb7 15. Nb3 Rfd8 16. Nc5 Ra7 17. Nxb7 Rxb7 18. Rd2 Qe7 19. f4 Rbd7 20. Qe3 Rb8 21. Rfd1 Ne8 22. Bf3 Rdd8 23. Kh1 h6 24. g4 Qh4 25. Kh2 e5 26. f5 Nd4 27. Bg2 Nf6 28. Qg3 Qxg3+ 29. Kxg3 Rbc8 30. h4 a5 31. g5 hxg5 32. hxg5 Nh5+ 33. Kg4 Nf4 34. Bf1 b4 35. axb4 axb4 36. Na4 Nxc2 37. Rxd6 Ne3+ 38. Kf3 Nxd1 39. Rb6 Rc2 40. Bb5 Rf2+ 41. Kg3 Rg2+ 0-1

[Event "Belgrade Trophy 19th"]
[Site "Belgrade"]
[Date "2006.11.26"]
[Round "5"]
[White "Pantovic, Dragan M"]
[Black "Nikolic, Marko"]
[Result "1-0"]
[WhiteElo "2206"]
[BlackElo "2035"]
[PlyCount "45"]
[EventDate "2006.11.22"]
[EventType "swiss"]
[EventRounds "9"]
[EventCountry "YUG"]
[SourceTitle "CBM 115 Extra"]
[Source "ChessBase"]
[SourceDate "2007.01.10"]
[SourceVersion "1"]
[SourceVersionDate "2007.01.10"]
[SourceQuality "1"]

1. d4 Nf6 2. c4 g6 3. Nc3 e6 4. e4 c5 5. Nf3 Nc6 6. d5 exd5 7. cxd5 Na5 8. e5 Ng4 9. h3 Nh6 10. d6 Bg7 11. Bg5 Qb6 12. Nd5 Qxb2 13. Nc7+ Kf8 14. Nxa8 Qc3+ 15. Bd2 Qa3 16. Qc1 Qa4 17. Bxh6 b6 18. Nc7 Qe4+ 19. Be2 Nc6 20. 0-0 Qxe2 21. Qf4 Bb7 22. Bxg7+ Kxg7 23. Qf6+ 1-0

[Event "Belgrade Trophy 19th"]
[Site "Belgrade"]
[Date "2006.11.25"]
[Round "4"]
[White "Nikolic, Marko"]
[Black "Maric, Dragan"]
[Result "0-1"]
[WhiteElo "2035"]
[BlackElo "2314"]
[PlyCount "58"]
[EventDate "2006.11.22"]
[EventType "swiss"]
[EventRounds "9"]
[EventCountry "YUG"]
[SourceTitle "CBM 115 Extra"]
[Source "ChessBase"]
[SourceDate "2007.01.10"]
[SourceVersion "1"]
[SourceVersionDate "2007.01.10"]
[SourceQuality "1"]

1. e4 c5 2. Nf3 d6 3. d4 cxd4 4. Nxd4 Nf6 5. Nc3 Bd7 6. f3 Nc6 7. Be3 e6 8. g4 Be7 9. Qd2 a6 10. 0-0-0 b5 11. g5 Nh5 12. Rg1 b4 13. Nce2 Ne5 14. b3 Qa5 15. Kb1 0-0 16. f4 Ng6 17. h4 d5 18. f5 Ne5 19. f6 Bc5 20. fxg7 Rfd8 21. exd5 exd5 22. Bg2 Bb5 23. Nf5 Bxe3 24. Qxe3 Re8 25. Qc5 Rac8 26. Ne7+ Rxe7 27. Qxc8+ Re8 28. Qc5 Nd7 29. Qxd5 Rxe2 0-1

[Event "Boskovic Memorial op 7th"]
[Site "Belgrade"]
[Date "2006.10.02"]
[Round "1"]
[White "Andrijevic, Milan"]
[Black "Nikolic, Marko"]
[Result "1-0"]
[WhiteElo "2374"]
[BlackElo "2035"]
[PlyCount "57"]
[EventDate "2006.10.02"]
[EventType "swiss"]
[EventRounds "9"]
[EventCountry "YUG"]
[SourceTitle "CBM 114 Extra"]
[Source "ChessBase"]
[SourceDate "2006.11.03"]
[SourceVersion "1"]
[SourceVersionDate "2006.11.03"]
[SourceQuality "1"]

1. e4 c5 2. Nf3 d6 3. d4 cxd4 4. Nxd4 Nf6 5. Nc3 a6 6. Be2 b5 7. Bf3 e5 8. Nf5 Qc7 9. Bg5 Nbd7 10. 0-0 Bb7 11. a3 h6 12. Bh4 g6 13. Ne3 g5 14. Bg3 h5 15. h3 Nc5 16. Ncd5 Qd8 17. Nxf6+ Qxf6 18. Nd5 Qd8 19. b4 Ne6 20. Bxh5 Bxd5 21. exd5 Nf4 22. Bxf4 gxf4 23. Bg4 Ra7 24. a4 Qb6 25. Qd3 Rc7 26. axb5 axb5 27. Ra5 Rc4 28. Qf5 Rc7 29. Qf6 1-0

[Event "Belgrade Ada op"]
[Site "Belgrade"]
[Date "2005.08.18"]
[Round "4"]
[White "Nikolic, Marko"]
[Black "Stamenkovic, Aleksandar"]
[Result "0-1"]
[WhiteElo "2061"]
[BlackElo "2272"]
[PlyCount "96"]
[EventDate "2005.08.15"]
[EventType "swiss"]
[EventRounds "9"]
[EventCountry "YUG"]
[SourceTitle "CBM 107 Extra"]
[Source "ChessBase"]
[SourceDate "2005.09.01"]
[SourceVersion "1"]
[SourceVersionDate "2005.09.01"]
[SourceQuality "1"]

1. e4 c5 2. Nf3 Nc6 3. d4 cxd4 4. Nxd4 Nf6 5. Nc3 e5 6. Ndb5 d6 7. Bg5 a6 8. Na3 b5 9. Nd5 Be7 10. Bxf6 Bxf6 11. c3 0-0 12. Bd3 Bg5 13. h4 Bh6 14. g4 Bf4 15. Qf3 Be6 16. Nxf4 exf4 17. Qxf4 Ne5 18. Be2 Bxg4 19. Qe3 Bxe2 20. Qxe2 Qf6 21. 0-0-0 Rfe8 22. Kb1 Rad8 23. Nc2 Nc4 24. Nb4 a5 25. Nd5 Qg6 26. f3 Rc8 27. Rdg1 Qe6 28. Qg2 Qe5 29. f4 Qxe4+ 30. Qxe4 Nd2+ 31. Kc2 Nxe4 32. Re1 Kf8 33. Rhg1 f5 34. Rg2 Rc5 35. Ne3 Nf6 36. Rge2 Re4 37. Ng2 b4 38. Kb3 bxc3 39. bxc3 Rec4 40. Rc1 Nd5 41. Re6 Nxc3 42. a3 a4+ 43. Kb2 Rb5+ 44. Ka1 Rb3 45. Rce1 Rxa3+ 46. Kb2 Ra2+ 47. Kc1 Ne4+ 48. Kb1 Rxg2 0-1

[Event "Belgrade Trophy 18th"]
[Site "Obrenovac"]
[Date "2005.??.??"]
[Round "5"]
[White "Nikolic, Marko"]
[Black "Medancic, Rikard"]
[Result "0-1"]
[WhiteElo "2061"]
[BlackElo "2287"]
[PlyCount "74"]
[EventDate "2005.11.22"]
[EventType "swiss"]
[EventRounds "9"]
[EventCountry "YUG"]
[SourceTitle "CBM 109 Extra"]
[Source "ChessBase"]
[SourceDate "2006.01.03"]
[SourceVersion "2"]
[SourceVersionDate "2006.01.03"]
[SourceQuality "1"]

1. e4 d5 2. exd5 Qxd5 3. d4 Nf6 4. Nc3 Qd6 5. Nf3 a6 6. h3 Bf5 7. Be3 Nc6 8. Qd2 e6 9. a3 h6 10. Bf4 Qd7 11. 0-0-0 0-0-0 12. Bc4 Ne4 13. Qe3 Nxc3 14. Qxc3 Be4 15. Rhe1 Bd5 16. Ne5 Nxe5 17. Bxd5 Ng6 18. Bxb7+ Kxb7 19. Bg3 Qc6 20. Qb3+ Ka8 21. Re3 Bd6 22. Rc3 Qb5 23. Qa2 Nf4 24. Kb1 Ne2 25. Rb3 Qh5 26. Rf3 Bxg3 27. fxg3 Rxd4 28. Rxd4 Nxd4 29. Rd3 Qc5 30. b4 Qb6 31. Qc4 Rd8 32. a4 Nc6 33. Rb3 Rd4 34. Qe2 Rxb4 35. Qf3 Kb8 36. Kb2 Nd4 37. a5 Qb5 0-1

[Event "Belgrade Trophy 18th"]
[Site "Obrenovac"]
[Date "2005.??.??"]
[Round "1"]
[White "Nikolic, Marko"]
[Black "Radulovic, Dusko"]
[Result "0-1"]
[WhiteElo "2061"]
[BlackElo "2295"]
[PlyCount "56"]
[EventDate "2005.11.22"]
[EventType "swiss"]
[EventRounds "9"]
[EventCountry "YUG"]
[SourceTitle "CBM 109 Extra"]
[Source "ChessBase"]
[SourceDate "2006.01.03"]
[SourceVersion "2"]
[SourceVersionDate "2006.01.03"]
[SourceQuality "1"]

1. e4 c5 2. Nf3 Nc6 3. d4 cxd4 4. Nxd4 g6 5. Nc3 Bg7 6. Be3 Nf6 7. Be2 0-0 8. 0-0 d5 9. Nxc6 bxc6 10. e5 Ne8 11. f4 f6 12. exf6 exf6 13. Na4 Nd6 14. Nc5 Re8 15. Bf2 Bf5 16. Bf3 Ne4 17. Bd4 Nxc5 18. Bxc5 Qa5 19. Bd4 Be4 20. c3 Bxf3 21. Qxf3 f5 22. g4 Bxd4+ 23. cxd4 Qb6 24. Qc3 Re4 25. Rad1 fxg4 26. f5 a5 27. Kh1 Rae8 28. f6 Kf7 0-1